000 00329nam a2200133Ia 4500
003 GCL
008 140319s9999 xx 000 0 ara d
040 _aGCL /
_cGCL
082 0 4 _a811.9
_bى ر
245 1 0 _aرغبات قوية كاسناننا
260 _a[S.N] :
_bدار الجديد ،
_c1992
300 _a48 ص
490 _a
999 _c32249
_d32249